000 00314nam a22001337a 4500
008 170926b xxu||||| |||| 00| 0 eng d
020 _a029156141177
041 _aeng
080 _a37
100 _a46
101 _aEDU
245 _aTO LEARN WITH LOVE A COMPANION FOR SUZUKI PARENTS
_cSTARR,W
942 _2udc
_cBK
999 _c29764
_d29764